000 00326pab a2200145 454500
008 180718b1996 xxu||||| |||| 00| 0 eng d
100 _aTorres, Raymond
245 _aLabour standards and trade
260 _c1996
300 _ap.10-12
362 _aOct-Nov
650 _aLabour
773 _aOECD Observer
909 _a32349
999 _c32349
_d32349